Estudios jurídicos sobre el estatuto vasco... / (Record no. 99725)

MARC details
000 -LEADER
campo de control de longitud fija 00588nam a2200169 i 4500
001 - NÚMERO DE CONTROL
campo de control 99725
003 - IDENTIFICADOR DE NÚMERO DE CONTROL
campo de control ES-MaACL
007 - CAMPO FIJO DE DESCRIPCIÓN FÍSICA--INFORMACIÓN GENERAL
campo de control de longitud fija t|
008 - DATOS DE LONGITUD FIJA--INFORMACIÓN GENERAL
campo de control de longitud fija 050915s1980 sp ||||1| spa d
100 1# - ENTRADA PRINCIPAL--NOMBRE DE PERSONA
Nombre de persona Martínez Esteruelas, Cruz.
9 (RLIN) 78073
245 10 - MENCIÓN DEL TÍTULO
Título Estudios jurídicos sobre el estatuto vasco... /
Mención de responsabilidad, etc. Cruz Martínez Esteruelas, Fernando Díez Moreno, José Serna Masiá.
260 ## - PUBLICACIÓN, DISTRIBUCIÓN, ETC.
Lugar de publicación, distribución, etc. Madrid :
Nombre del editor, distribuidor, etc. [s.n.],
Fecha de publicación, distribución, etc. 1980 (
Fabricante Arte Gráficas Danubio)
300 ## - DESCRIPCIÓN FÍSICA
Extensión 236 p. ;
Dimensiones 23 cm.
700 1# - ENTRADA AGREGADA--NOMBRE PERSONAL
Nombre de persona Díez Moreno, Fernando.
9 (RLIN) 44755
700 1# - ENTRADA AGREGADA--NOMBRE PERSONAL
Nombre de persona Serna Masiá, José.
9 (RLIN) 105584
852 ## - LOCALIZACIÓN
Ubicación ES-MaACL
Número de control de estantería L-776
Sublocalización o colección R.101381
Holdings
Estatus retirado Estado de pérdida Estado de daño No para préstamo Biblioteca de origen Biblioteca actual Ubicación en estantería Fecha de adquisición Fuente de adquisición Total de préstamos Signatura topográfica completa Código de barras Visto por última vez Precio de reemplazo Tipo de ítem Koha
        Biblioteca del Ateneo de Madrid Biblioteca del Ateneo de Madrid Depósito 2 17/01/2008     L-776 1104131 23/02/2023 23/02/2023 Libro impreso